| 000 | 00670nam a2200181 i 4500 | ||
|---|---|---|---|
| 001 | 51585 | ||
| 003 | ES-MaACL | ||
| 005 | 20230906162406.0 | ||
| 007 | t| | ||
| 008 | 030813m18641870fr ||||1| fre d | ||
| 100 | 1 |
_aDalloz, D. _942495 |
|
| 245 | 1 | 0 |
_aJurisprudence générale _b: repertoire de législation, de doctrine et de jurisprudence en matière de droit civil, comecial... / _cpar D. Dalloz et par M. Armand Dalloz. |
| 250 | _aNouvelle ed. considerablement aug. | ||
| 260 |
_aParis : _bBureau de la Jurisprudence Générale, _c1864-70 ( _fCusset) |
||
| 300 |
_a44 t. en 50 v. ; _c28 m. |
||
| 700 | 1 |
_aDalloz, M. Armand. _942498 |
|
| 852 |
_aES-MaACL _jC-15003-52 |
||
| 999 |
_c51585 _d51585 |
||